Nouvelle sociologie politique de la France (notice n° 2198629)

détails MARC
000 -LEADER
fixed length control field 02482cam a2200169 4500500
005 - DATE AND TIME OF LATEST TRANSACTION
control field 20260405085553.0
041 ## - LANGUAGE CODE
Language code of text/sound track or separate title fre
042 ## - AUTHENTICATION CODE
Authentication code dc
100 10 - MAIN ENTRY--PERSONAL NAME
Personal name Frinault, Thomas
Relator term author
245 00 - TITLE STATEMENT
Title Nouvelle sociologie politique de la France
260 ## - PUBLICATION, DISTRIBUTION, ETC.
Name of publisher, distributor, etc. Armand Colin,<br/>
Date of publication, distribution, etc. 2021.<br/>
520 ## - SUMMARY, ETC.
Summary, etc. « Il faut une science politique nouvelle à un monde tout nouveau », écrivait Alexis de Tocqueville découvrant la démocratie américaine. De considérables changements ne travaillent-ils pas aujourd’hui de la même manière le système politique français ? Réformes néolibérales, érosion d’un État traditionnellement « fort », recompositions des savoirs experts, fin du cumul des mandats, féminisation du champ politique, transformation de l’espace public du fait des réseaux sociaux, avènement du macronisme, recours au dispositif des primaires, formes inédites de mobilisation populaire (Nuit Debout, Gilets jaunes)… Ces phénomènes nouveaux viennent interroger les acquis routinisés de la sociologie politique classique. Telle est l’ambition de cette Nouvelle sociologie politique de la France qui, en articulant les outils théoriques des différentes approches sociologiques à l’actualité la plus récente, permet de saisir la singularité française et d’interroger l’avenir de notre démocratie. Avec les contributions de THOMAS AGUILERA (IEP de Rennes), ÉMILIE BILAND (Sciences Po Paris), CHRISTOPHE BOUILLAUD (IEP de Grenoble), JULIEN BOYADJIAN (IEP de Lille), MAGALI DELLA SUDDA (Centre Émile Durkheim-CNRS), RENAUD EPSTEIN (IEP de Saint-Germain-en-Laye), NATACHA GALLY (université Panthéon-Assas), GUILLAUME GOURGUES (université Lyon 2), CHRISTINE GUIONNET (université Rennes 1), MATHIEU HAUCHECORNE (université Paris 8), JEAN-PIERRE LE BOURHIS (Arènes-CNRS), CHRISTOPHE LE DIGOL (université Paris Nanterre), RÉMI LEFEVRE (université Lille 2), SANDRINE LÉVÊQUE (IEP de Lille), GUILLAUME MARREL (université d’Avignon), GILLES PINSON (IEP de Bordeaux), JESSICA SAINTY (université d’Avignon), SÉBASTIEN SÉGAS (université Rennes 2), ANDY SMITH (Centre Émile Durkheim-CNRS), ANAÏS THÉVIOT (université catholique de l’Ouest), ÉRIC TREILLE (Arènes-CNRS).
700 10 - ADDED ENTRY--PERSONAL NAME
Personal name Le Bart, Christian
Relator term author
700 10 - ADDED ENTRY--PERSONAL NAME
Personal name Le Bart, Christian
Relator term author
700 10 - ADDED ENTRY--PERSONAL NAME
Personal name Neveu, Érik
Relator term author
856 41 - ELECTRONIC LOCATION AND ACCESS
Uniform Resource Identifier <a href="https://shs.cairn.info/nouvelle-sociologie-politique-de-la-france--9782200628727?lang=fr&redirect-ssocas=7080">https://shs.cairn.info/nouvelle-sociologie-politique-de-la-france--9782200628727?lang=fr&redirect-ssocas=7080</a>

Pas d'exemplaire disponible.

PLUDOC

PLUDOC est la plateforme unique et centralisée de gestion des bibliothèques physiques et numériques de Guinée administré par le CEDUST. Elle est la plus grande base de données de ressources documentaires pour les Étudiants, Enseignants chercheurs et Chercheurs de Guinée.

Adresse

627 919 101/664 919 101

25 boulevard du commerce
Kaloum, Conakry, Guinée

Réseaux sociaux

Powered by Netsen Group @ 2025